RICS Requirements and Competencies guide (Record no. 121272)
[ view plain ]
| 000 -LEADER | |
|---|---|
| fixed length control field | 00965nam a22001937a 4500 |
| 008 - FIXED-LENGTH DATA ELEMENTS--GENERAL INFORMATION | |
| fixed length control field | 161222s2022 xxk|||||o|||| 00| 0 eng d |
| 041 ## - LANGUAGE CODE | |
| Language code of text/sound track or separate title | eng |
| 110 ## - MAIN ENTRY--CORPORATE NAME | |
| Corporate author | Royal Institution of Chartered Surveyors |
| 245 ## - TITLE STATEMENT | |
| Title | RICS Requirements and Competencies guide |
| Medium | [Electronic resource] |
| 260 ## - PUBLICATION INFORMATION | |
| Place of publication | London, |
| Publisher | Royal Institution of Chartered Surveyors, |
| Date | 2022 |
| 300 ## - PHYSICAL DESCRIPTION | |
| Physical description | 80p. |
| 500 ## - GENERAL NOTE | |
| General note | Published August 2018, updated February 2022 to reflect new Rules of Conduct |
| 520 ## - ABSTRACT | |
| Abstract | Outlines the Assessment of Professional Competence (APC) pathways. RICS’ pathways and competencies define the knowledge, skills, experience and competence required to become a chartered surveyor. |
| 651 ## - SUBJECT ADDED ENTRY--GEOGRAPHIC NAME | |
| Geographic name | International |
| 690 ## - BROAD SUBJECT | |
| 9 (RLIN) | 6216 |
| Broad subject | APC |
| 710 ## - ADDED CORPORATE NAME | |
| Added corporate author | Royal Institution of Chartered Surveyors |
| 856 ## - ONLINE RESOURCE | |
| Uniform Resource Identifier | <a href="https://www.rics.org/globalassets/rics-website/media/qualify/pathway-guides/pathway-guides-requirements-and-competencies">https://www.rics.org/globalassets/rics-website/media/qualify/pathway-guides/pathway-guides-requirements-and-competencies</a> |
| Public note | Available free on RICS.org |
| 942 ## - ADDED ENTRY ELEMENTS (KOHA) | |
| Suppress in OPAC | Do not suppress in OPAC |
| Lost status | Damaged status | Not for loan | Current library | Shelving location | Date acquired | Total Checkouts | Date last seen | Price effective from | Koha item type |
|---|---|---|---|---|---|---|---|---|---|
| Virtual | Online | 16/12/2022 | 16/12/2022 | 16/12/2022 | Online material |